00254nam a2200109Ia 4500008004100000100001600041245003000057260002200087650001300109942000700122999001500129190216s9999||||xx |||||||||||||| ||und|| aDas Gupta N 0aHuman Resource Accounting bSulthan Chand &co aCommerce cBK c4822d4822